000 00269nam a2200121Ia 4500
008 190216s9999||||xx |||||||||||||| ||und||
100 _aVaikom Muhammad Basheer
245 0 _aVishapp
260 _bDc Books Kottayam
300 _a78
650 _aKathakal
942 _cBK
999 _c29301
_d29301